MARC

LEADER 00000ngm^a2200000^a^4500
001 000187042
005 20250521000000.0
009 20260310102247.533
037 |a Acervo ITESO - Biblioteca 
041 |a ING 
082 |a 808. 899282  |b BIR 
100 |a Bird, Brad  |e (realización) 
240 1 4 |a [El gigante de hierro] 
245 1 3 |a El gigante de hierro =  |b The Iron Giant /  |c Realización de B. Bird. 
264 4 |a Los Angeles, EUA :  |b Warner Brothers,  |c 1999, c1999 
264 2 |a México :  |b Warner Brothers [distribución],  |c 2003, c2003 
300 |a 1 DVD región 4 (86, 33 min.) :  |b color 
336 |a imagen móvil bidimensional  |b tdi  |2 rdacontenido 
337 |a video  |b v  |2 rdamedio 
338 |a videodisco  |b vd  |2 rdasoporte 
500 |a Basado en: El hombre de hierro, de Ted Hughes 
546 |a En inglés, con subtítulos opcionales: español, inglés, portugués 
546 |a Doblaje opcional: español, portugués 
586 |a 65 películas para ver antes de los 15 años: Encuesta del Instituto Británico de Cine (2020) 
649 |a XX 
650 |a Cineastas Norteamericanos 
650 |a Niños en el Cine 
650 |a Robots en el Cine 
650 |a Películas Infantiles 
650 |a Películas de Ciencia-Ficción 
650 |a Cine de Animación 
650 |a Opera Prima 
650 |a Making Of (Documentales detrás de Cámaras) 
650 |a Cine Norteamericano -  |y 1990-1999 
650 |a Cine Norteamericano -  |y Siglo XX 
650 |a Cine Norteamericano -  |x Historia y Crítica 
650 |a Novela Inglesa -  |x Adaptaciones para Cine 
650 |a Literatura Juvenil -  |z Inglaterra -  |x Adaptaciones para Cine 
650 |a Literatura Inglesa -  |y Siglo XX -  |x Adaptaciones para Cine 
650 |a Literatura y Cine 
650 |a Amistad 
650 |a Tolerancia e Intolerancia 
650 |a Prejuicio 
650 |a Miedo 
650 |a Diferencia y Otredad 
650 |a Vida en Otros Planetas 
650 |a Guerra Fría 
650 |a Historia Social -  |z EUA 
650 |a EUA -  |x Historia -  |y 1953-1961 
650 |a EUA -  |x Historia -  |y Siglo XX 
650 |a Bird, Brad 
700 |a McCanlies, Tim  |e (guión) 
700 |a Bird, Brad  |e (guión) 
700 |a Fucile, Tony  |e (animación) 
700 |a Wilzbach, Steven  |e (fotógrafo) 
700 |a Holmes, Darren T.  |e (montaje) 
700 |a Kamen, Michael  |e (música) 
700 |a Aniston, Jennifer  |e (voz) 
700 |a Connick, Harry,  |c hijo  |e (voz) 
700 |a Diesel, Vin  |e (voz) 
700 |a Fucile, Tony  |e (comentarios) 
910 |a Fondo General 
920 |a Audiovisuales - DVDs 
940 |a Películas 
905 |a 308 
901 |a 0500094070  |b IT2  |c DVR  |u 20250521 
902 |a https://opac.biblio.iteso.mx/vufind/Record/000187042